Pays dans lesquels le français est une langue officielle - Statistiques

Statistiques générales
  • Ce quiz a été pris 243 fois
  • Le résultat moyen est 4 sur 15
Answers on the Grid
Answers color-coded by a green-red scale on the quiz's grid according to % correct below.
Bénin
Congo
Côte d'Ivoire
France
Gabon
Guinée
Monaco
Niger
Vanuatu
Togo
Belgique
Burundi
Cameroun
Canada
République centrafricaine
Somalie
Italie
Algérie
Mali
Tunisie
Maroc
Cuba
Fidji
Tonga
Suriname
Liban
Andorre
Vietnam
Sainte-Lucie
Mauritanie
 
Statistiques - réponses
Réponse % Correct
France
55%
Monaco
51%
Belgique
47%
Canada
42%
Côte d'Ivoire
26%
Gabon
21%
Cameroun
18%
Congo
18%
Togo
17%
Bénin
16%
République centrafricaine
14%
Guinée
13%
Niger
12%
Vanuatu
11%
Burundi
6%
Aucun quiz correspondant
Distribution des résultats
% des personnes avec chaque résultat
Percentile par nombre de réponses
Votre historique - résultats
Vous n’avez pas pris ce quiz